Základy textilnej výroby : strojníctvo pre 10. ročník dvanásťročných stredných škôl pre 1. ročník SVŠ, pokusné učebné texty /

Uložené v:
Podrobná bibliografia
Hlavní autori: Doleček, Josef (Author), Mašek, Karel (Author), Pánek, Josef (Author)
Médium: Kniha
Jazyk:Slovak
Vydané: Bratislava : Slovenské pedagogické nakladateľstvo, 1960.
Vydanie:3. vydanie
Fyzický popis: 111 strán : ilustrácie, tabuľky.
Tagy: Pridať tag
Žiadne tagy, Buďte prvý kto otaguje tento záznam!

MARC

LEADER 00000nam a22000002i 4500
001 000718521
005 20240910150318.0
008 230526s1960 xo al d p 000 0 slo d
020 |c Kčs 4,40  |q (brožované) 
040 |a SVKKK  |b slo  |c SVKKK  |e rda 
041 0 |a slo 
044 |a xo  |c SK 
100 1 |a Doleček, Josef  |4 aut 
245 1 0 |a Základy textilnej výroby :  |b strojníctvo pre 10. ročník dvanásťročných stredných škôl pre 1. ročník SVŠ, pokusné učebné texty /  |c Josef Doleček, Karel Mašek, Josef Pánek. 
250 |a 3. vydanie 
264 1 |a Bratislava :  |b Slovenské pedagogické nakladateľstvo,  |c 1960. 
300 |a 111 strán :  |b ilustrácie, tabuľky. 
336 |a text  |b txt  |2 rdacontent 
337 |a bez média  |b n  |2 rdamedia 
338 |a zväzok  |b nc  |2 rdacarrier 
500 |a Záznam revízie 
700 1 |a Mašek, Karel  |4 aut 
700 1 |a Pánek, Josef  |4 aut 
910 |a svkkk 
998 |a BK 
090 |g SCKHL  |k Sklad Pribinova 3. posch.  |a V.59938  |j 295712  |i 2720856521  |s Absenčne